Visualizzazione normale
Vista MARC
- Monteduro
di Personal Name
Records bibliografici associati: 1
001 - CONTROL NUMBER
- control field: 3719
003 - CONTROL NUMBER IDENTIFIER
- control field: IT-RoPau
005 - DATE AND TIME OF LATEST TRANSACTION
- control field: 20131126092806.0
008 - FIXED-LENGTH DATA ELEMENTS
- fixed length control field: 131126|| aca||aabn | a|a d
040 ## - CATALOGING SOURCE
- Original cataloging agency: IT-RoPau
- Transcribing agency: IT-RoPau
100 ## - HEADING--PERSONAL NAME
- Personal name: Monteduro
- Dates associated with a name: Codice autore musica SPICS: 22755
- Relator term: Autore musica
- Name of part/section of a work: Vidi che un cavallo
670 ## - SOURCE DATA FOUND
- Source citation: Work cat.: (IT-RoPau)100032: AA.VV. 794, Musical all'italiana (Il)